World's First Crossword Quiz Stats

 Plays Quiz Updated Sep 26, 2014

Challenge
Share
Tweet
Score 0/69 Timer 10:00
0 Plays Today
% Correct
91.7%
Ε
89.8%
89.3%
Α
88.6%
Α
85.9%
Ε
85.7%
Α
84.7%
84.4%
Ɗ
83.2%
Ο
82%
Ν
81.8%
Ε
81.4%
С
81.3%
81.1%
Ε
80.9%
80.7%
Ѕ
80.4%
Ѕ
80.2%
80.2%
Ε
80.1%
Ɗ
80%
М
79.9%
Ԍ
79.5%
Ɗ
78.4%
Ѕ
78.4%
77.6%
Ɗ
77.6%
77.5%
Α
77.1%
Ε
76.3%
Α
76.2%
Ο
75.8%
75.7%
Ι
75.7%
Η
75.2%
% Correct
Ο
74.5%
Ε
74.5%
Ν
74.4%
Ɗ
74.1%
Ε
73.9%
Ν
73.8%
73.4%
Ε
73.3%
Ι
72.8%
70.7%
Ɗ
70.6%
Τ
69.7%
Ε
69.1%
68.7%
Α
68.6%
Α
68.2%
Ν
65.8%
65.1%
Τ
64.2%
Ι
64.1%
Ε
63.9%
М
60.6%
59.5%
М
57.9%
Α
57.1%
Ε
57%
Ρ
57%
Ƒ
56.9%
Ι
56.3%
Ι
55.8%
Ε
54.6%
54.4%
Ɗ
53.4%
52.3%

You're not logged in!

Compare scores with friends on all Sporcle quizzes.
Join for Free
OR
Log In

You Might Also Like...

Show Comments

Extras

Top Quizzes Today


Score Distribution

Your Account Isn't Verified!

In order to create a playlist on Sporcle, you need to verify the email address you used during registration. Go to your Sporcle Settings to finish the process.

Report this User

Report this user for behavior that violates our Community Guidelines.

Details: